000 00771nam a2200301Ia 4500
008 160803s9999 xx 000 0 und d
020 _a9780545068239
100 _aRylant, Cynthia
245 _aPoppleton in winter /
245 _cCynthia Rylant ; illustrated by Mark Teague.
260 _aNew York :
260 _bScholastic Inc.
260 _c2001
300 _a48 pages :
300 _bcolor illustrations ;
300 _c23 cm.
440 _aScholastic reader,
440 _vlevel 3
650 _aBirthdays --
650 _aFriendship --
650 _aSwine --
650 _aWinter --
650 _xJuvenile fiction.
650 _xJuvenile fiction.
650 _xJuvenile fiction.
650 _xJuvenile fiction.
700 _a360
999 _c298160
_d298160